100 thành phố nổi tiếng của Trung Quốc
Kaydedildi:
| Yazar: | |
|---|---|
| Materyal Türü: | Kitap |
| Dil: | Undetermined |
| Baskı/Yayın Bilgisi: |
H.
VHTT
2002
|
| Konular: | |
| Etiketler: |
Etiketle
Etiket eklenmemiş, İlk siz ekleyin!
|
| Thư viện lưu trữ: | Trung tâm Học liệu Trường Đại học Cần Thơ |
|---|
| LEADER | 00487nam a2200169Ia 4500 | ||
|---|---|---|---|
| 001 | CTU_50188 | ||
| 008 | 210402s9999 xx 000 0 und d | ||
| 082 | |a 915.1 | ||
| 082 | |b T312 | ||
| 100 | |a ĐẶNG THANH TỊNH | ||
| 245 | 0 | |a 100 thành phố nổi tiếng của Trung Quốc | |
| 245 | 0 | |c ĐẶNG THANH TỊNH | |
| 260 | |a H. | ||
| 260 | |b VHTT | ||
| 260 | |c 2002 | ||
| 650 | |a china- description and travel | ||
| 980 | |a Trung tâm Học liệu Trường Đại học Cần Thơ | ||